Least Populated US Capital Cities - Statistics

General Stats
  • This quiz has been taken 15 times
  • The average score is 18 of 20
Answer Stats
Population State Capital City % Correct
40,812 Maryland Annapolis
100%
32,255 Alaska Juneau
100%
99,224 New York Albany
93%
58,639 Nevada Carson City
93%
48,864 West Virginia Charleston
93%
65,132 Wyoming Cheyenne
93%
39,403 Delaware Dover
93%
28,602 Kentucky Frankfort
93%
112,644 Michigan Lansing
93%
55,605 Washington Olympia
93%
87,505 New Mexico Santa Fe
93%
18,899 Maine Augusta
86%
50,099 Pennsylvania Harrisburg
86%
32,091 Montana Helena
86%
8,074 Vermont Montpelier
86%
14,091 South Dakota Pierre
86%
90,871 New Jersey Trenton
86%
73,622 North Dakota Bismarck
79%
43,976 New Hampshire Concord
79%
43,228 Missouri Jefferson City
79%
No matching quizzes found
Score Distribution
Percent of People with Each Score
Percentile by Number Answered
Your Score History
You have not taken this quiz